000 00424nam a2200133 4500
008 0 1985 0i 000 0Esp
020 _a84-7615-047-4 T.I
082 _a530.102.85 E542f
100 _aEisberg, Robert M
245 _aFísica : Fundamentos y aplicaciones, suplemento de c lculo numérico / Robert M,Eisberg
260 _aEspaña : McGraw-Hill
300 _a86p. / 26cm.
700 _aPeckham, Herbert D.
999 _c21321
_d21321